Štúdium termodynamiky antioxidačného pôsobenia prírodných a modelových látok - vitamíny K bakalárska práca CD

Salvato in:
Dettagli Bibliografici
Autore principale: Jankovichová, Tatiana
Natura: Software Libro
Lingua:slovacco
Pubblicazione: Bratislava STU FCHPT 2013
Accesso online:Visualizza in OPAC
Tags: Aggiungi Tag
Nessun Tag, puoi essere il primo ad aggiungerne!!

MARC

LEADER 00000nam a2200000 a 4500
005 20260127134231.0
007 co ugu
008 131016 2013 000 0 slo d
035 |a vtls010551287 
039 9 |y 201310161445  |z mschk03 
040 |a STUSCHK1  |b slo  |c STUSCHK1  |e AACR2 
100 1 |a Jankovichová, Tatiana 
245 1 |a Štúdium termodynamiky antioxidačného pôsobenia prírodných a modelových látok - vitamíny K  |b bakalárska práca CD  |c Tatiana Jankovichová 
260 |a Bratislava  |b STU FCHPT  |c 2013 
300 |a 1 optický disk 
500 |a Obhájené: 08.07.2013 
500 |a Štud. program: Chémia, medicínska chémia a chemické materiály 
500 |a Štud. odbor: Chémia, chemické technológie 
500 |a Škol. pracovisko: Odd. fyzikálnej chémie 
500 |a Evid. číslo: FCHPT-13569-43463 
910 |a SCHK95 
999 |c 7379  |d 7379